000 00949nam a22003017a 4500
003 CHAP
005 20220329141737.0
008 971013s1977 r 00010 d
010 _a73184
011 _a74156
035 _a83715
040 _cCHAP
082 _a330
_bB34
100 0 0 _aBarkley, Paul W.
_910217
245 _aEconomics; the way we choose
260 _aNew York :
_bHarcourt Brace Jovanovich,
_c1977
300 _a652 p.
_b: ilus.; gráfs.
590 _aBATCH-UPD
_b10
_c20130110
_lUCH01
_h0344
590 _aBATCH-UPD
_b10
_c20130110
_lUCH01
_h1839
590 _aBATCH-UPD
_b10
_c20130410
_lUCH01
_h0017
590 _aBATCH-UPD
_b10
_c20130914
_lUCH01
_h0537
590 _aCONVERSION
_b10
_c20130109
_lUCH01
_h1340
650 1 4 _aEconomía.
_935226
901 _aBK
942 _cLIBRO
949 _a330 B34
_bBC
_cLIBRO
_d33724000307781
_eLIBRO
_fc.2
_h51849
_i83715
_si
949 _a330 B34
_bBC
_cLIBRO
_d33724000307799
_eLIBRO
_h51848
_i83715
_si
999 _c73184
_d73184